Click to Translate - Swahili - Statistics

General Stats
  • This quiz has been taken 1,102 times
  • The average score is 8 of 20
Answer Stats
Hint Answer % Correct
Lion Simba
74%
Tea Chai
72%
Doctor Daktari
64%
Number Nambari
54%
Thank you Asante
51%
Money Pesa
48%
Friend Rafiki
45%
Hello Hujambo
41%
Chicken Kuku
39%
Goodbye Kwaheri
33%
Welcome Karibu
32%
Two Mbili
32%
Toilet Choo
29%
Tree Mti
29%
Yes Ndiyo
29%
No Hapana
25%
House Nyumba
24%
Market Soko
22%
Brother Ndugu
21%
Sheep Kondoo
20%
No matching quizzes found
Score Distribution
Percent of People with Each Score
Percentile by Number Answered
Your Score History
You have not taken this quiz